Orava orgán rady ONV v Dolnom Kubíne
| New Title: | Naša Orava, Orava/Biela Orava |
|---|---|
| Format: | Journal |
| Language: | Slovak |
| PhysicalDescription: | 39 zv. 32-45 cm |
| Published: |
Dolný Kubín
OV KSS Rada ONV
1967-2004
Dolný Kubín Oravské konzorcium Dolný Kubín Agentúra Orava Dolný Kubín Renex Dolný Kubín LAR Dolný Kubín Námestovo LAR Solitudo [Bratislava] Petit Press Dolný Kubín Okresný úrad |
| ISSN: | 0231-746X |
| Subjects: |
MARC
| LEADER | 00000cas a2200000 a 4500 | ||
|---|---|---|---|
| 001 | vtls008882687 | ||
| 003 | SK-MaSNL | ||
| 005 | 20260228162305.0 | ||
| 008 | 150907d19672004xo wr|pe 0 0 b0slo| | ||
| 022 | |a 0231-746X | ||
| 035 | |a (SVKBB03)vtls000114597 | ||
| 040 | |a SVKBB |b slo |c SVKBB |d SNK |e AACR2 | ||
| 041 | 0 | |a slo | |
| 043 | |a e-xo--- | ||
| 044 | |a xo |c SK | ||
| 072 | 7 | |a 316 |x Sociológia |2 konspekt | |
| 072 | 7 | |a 32 |x Politika |2 konspekt | |
| 072 | 7 | |a 316.7 |x Sociológia kultúry. Kultúrny život |2 konspekt | |
| 080 | |a 050 |2 2001 | ||
| 080 | |a (437.6) |2 2001 | ||
| 080 | |a 316.728 |2 2001 | ||
| 080 | |a 32 |2 2001 | ||
| 210 | 0 | |a Orava |b (Dolný Kubín, 1967) | |
| 222 | 0 | |a Orava |b (Dolný Kubín, 1967) | |
| 245 | 0 | 0 | |a Orava |b orgán rady ONV v Dolnom Kubíne |
| 246 | 1 | 3 | |a Magazín Orava |f č. 20/1991-1/júl 1991 |
| 246 | 1 | 3 | |a Orava/Biela Orava |f č. 2/1998-19/2004 |
| 260 | |a Dolný Kubín |b OV KSS |b Rada ONV |c 1967-2004 | ||
| 260 | 2 | |3 1/júl 1991-52/1992 |a Dolný Kubín |b Oravské konzorcium | |
| 260 | 2 | |3 1/1993-9/(roč. 4)1994 |a Dolný Kubín |b Agentúra Orava | |
| 260 | 2 | |3 10/(roč.4)/1994-11/(roč. 5) 1994 |a Dolný Kubín |b Renex | |
| 260 | 2 | |3 1/1995-25/1999 |a Dolný Kubín |b LAR | |
| 260 | 2 | |3 1/2000-18/2004 |a Dolný Kubín |b LAR |a Námestovo |b Solitudo | |
| 260 | 3 | |3 19/2004 |a [Bratislava] |b Petit Press | |
| 260 | 2 | |3 1/jan. 1991-26/jún 1991 |a Dolný Kubín |b Okresný úrad | |
| 300 | |a 39 zv. |c 32-45 cm | ||
| 310 | |a 1x týždenne |b 1967-1992, 2000-2004 | ||
| 321 | |a 26x ročne |b 1993-1999 | ||
| 362 | 0 | |a Roč. 1 = 74, č. 1 (5. apríl 1967)-roč. XXXII = 102, č. 26 (26. júna 1991) ; n. s. roč. I = 102, č. 1 (10. júla 1991)-roč. 4 = 104, č. 11 (16. nov. 1994) ; n. s. roč. 1 = 105, č. 1 (18. jan. 1995)-roč. 115/14, č. 19 (3. mája 2004) | |
| 500 | |a Redaktori sa menia | ||
| 500 | |a Podnázov sa mení: č. 1/1990-25/1990 týždenník rady ONV v Dolnom Kubíne, č. 26/1990-č. 1 roč. 1(102)/1991 týždenník občanov Oravy, č. 2 roč. 1(102)/1991 noviny venované záujmom oravského ľudu, 1996-1997 regionálny dvojtýždenník občanov Oravy, od 2000 - týždenník, od r. 2003 týždenník regiónu Orava - okresov Dolný Kubín, Námestovo a Tvrdošín | ||
| 500 | |a Od č. 27/1990-50/2000 rozmer zv. 32 cm ; od č. 1-2/2001 rozmer zv. 45 cm | ||
| 500 | |a Od č. 2/1998-1999 zmena názvu na titulke - Orava / Biela Orava - titul Biela Orava vložený ako príloha, so samostatným označením ročníka a čísla. Od r. 2000 sa zlúčili a na titulke je súbežné označenie ročníka obidvoch častí titulu | ||
| 500 | |a Reg. číslo: MK SR 1565/96 | ||
| 500 | |a Od 10.5.2004 č. 20 sa zlúčili Naša Orava, Orava/Biela Orava do jedného titulu | ||
| 515 | |a S poradím ročníka je paralelné označenie od začiatku vychádzania pôvodného titulu - roč. 1 (74)/1967 ; Označenie číslom 7, 8 je vynechané, po roč. 20 (95)/1984 nasleduje 26 (96)/1985, pokračuje po 32 (102) 1991 ; Od 10.7.1991 opäť roč. 1 (102) po roč. 3 (104)/1993 a 4 (104)/1994 ; Od 1995 opäť roč. 1(105), 2 (106)/1996, 3 (106)1997, 4 (107)/1998, 5(110)/1999 ; Od r. 2000 je súbežné označenie titulu Orava roč. 6 (111) a Biela Orava roč. 10, ; 2001 roč. [7] 112 Orava, roč. 11 Biela Orava ; 2002 roč. 113 a 12 , 2003 roč. 114/13 a 2004 roč. 115/14 | ||
| 515 | |a V r. 1994 dvakrát číslovanie výtlačkov: od 17. aug. 1994 (č. 10) zmena vydavateľa - pokračujú v číslovaní ročníka 4(104), ale opäť s číslovaním výtlačkov od čísla 1 | ||
| 525 | |a Ako prílohu má noviny Kubín - roč. 23/2001 - roč. 24/2004 (roč. 24 uvádzaný v r. 2002-2004) | ||
| 525 | |a Prílohy: Občianske listy a Námestovo | ||
| 650 | 0 | 7 | |a spoločenský život |2 SNKPH |9 28654 |
| 650 | 0 | 7 | |a politika |2 SNKPH |9 968 |
| 651 | 7 | |a Orava (Slovensko : región) |2 SNKPH |9 116635 | |
| 655 | 7 | |a regionálne periodiká |2 SNKPH |9 131775 | |
| 770 | 0 | |t Biela Orava |w vtls008884071 | |
| 770 | 0 | |t Kubín | |
| 785 | 0 | 4 | |t Naša Orava, Orava/Biela Orava |w vtls001466771 |
| 910 | |a snk | ||
| 916 | |a 1967-2004 | ||
| 958 | |a OND | ||
| 999 | |c 7451 |d 9381 | ||
| 952 | |t č. 1-52 |a SNK |b SNK |y PREZ |7 0 |p 17A0215116 |o snkČSA 723/30(100)/1989 |i snkČSP 1041/90 |8 0 |f 1 |0 0 |1 0 |4 0 |d 1999-10-19 |l 0 |r 2005-01-02 00:00:00 |w 2026-02-21 | ||
| 952 | |t č. 1-52 |a SNK |b SNK |y PREZ |7 0 |p 17A0257897 |o snkČSA 723/30(100)/1989 D1 |0 0 |1 0 |4 0 |d 2000-11-08 |l 0 |r 2005-01-02 00:00:00 |w 2026-02-21 | ||
| 952 | |t č. 1-52 |a SNK |b SNK |y PREZ |7 0 |p 17A0257895 |o snkČSA 723/31(101)/1990 D1 |0 0 |1 0 |4 0 |d 2000-11-08 |l 0 |r 2005-01-02 00:00:00 |w 2026-02-21 | ||
| 952 | |t č. 1-51 |a SNK |b SNK |y PREZ |7 0 |p 17A0218584 |o snkČSA 723/27(97)/1986 |i snkČSP 3097/87 |8 0 |f 1 |0 0 |1 0 |4 0 |d 1999-11-18 |l 0 |r 2005-01-02 00:00:00 |w 2026-02-21 | ||
| 952 | |t č. 1-52 |a SNK |b SNK |y PREZ |7 0 |p 17A0218586 |o snkČSA 723/28(98)/1987 |i snkČSP 1729/88 |8 0 |f 1 |0 0 |1 0 |4 0 |d 1999-11-18 |l 0 |r 2005-01-02 00:00:00 |w 2026-02-21 | ||
| 952 | |t č. 1-26 |a SNK |b SNK |y PREZ |7 0 |p 17A0133235 |o snkČSA 723/32(102)/1991 |i snkČSP 3295/91 |8 0 |f 1 |0 0 |1 0 |4 0 |d 1999-11-27 |l 0 |r 2005-01-02 00:00:00 |w 2026-02-21 | ||
| 952 | |t č. 1-52 |a SNK |b SNK |y PREZ |7 0 |p 17A0218047 |o snkČSA 723/13(88)/1977 |i snkČSP 40/78 |8 0 |z v č. 1 je v zátvorke uvedený ročník 87 |f 1 |0 0 |1 0 |4 0 |d 1999-11-12 |l 0 |r 2005-01-02 00:00:00 |w 2026-02-21 | ||
| 952 | |t č. 1-52 |a SNK |b SNK |y PREZ |7 0 |p 17A0218526 |o snkČSA 723/29(99)/1988 |i snkČSP 412/89 |8 0 |f 1 |0 0 |1 0 |4 0 |d 1999-11-19 |l 0 |r 2005-01-02 00:00:00 |w 2026-02-21 | ||
| 952 | |t č. 1-52 |a SNK |b SNK |y PREZ |7 0 |p 17A0436213 |o snkČSA 723/2(103)/1992 |i snkČSP 1949/93 |8 0 |f 1 |0 0 |1 0 |4 0 |d 2004-08-05 |l 0 |r 2005-01-02 00:00:00 |w 2026-02-21 | ||
| 952 | |t č. 1-20 + mim. č. |a SNK |b SNK |y PREZ |7 0 |p 17A0218278 |o snkČSA 723/1(102)/1991 D1 |0 0 |1 0 |4 0 |d 1999-11-19 |l 0 |r 2005-01-02 00:00:00 |w 2026-02-21 | ||
| 952 | |t č. 1-20 + mim. č. |a SNK |b SNK |y PREZ |7 0 |p 17A0257909 |o snkČSA 723/1(102)/1991 |i snkČSP 2563/93 |8 0 |z len v č. 1 názov Magazín Orava ; mim. číslo |f 1 |0 0 |1 0 |4 0 |d 2000-11-08 |l 0 |r 2005-01-02 00:00:00 |w 2026-02-21 | ||
| 952 | |t č. 1-26 |a SNK |b SNK |y PREZ |7 0 |p 17A0373563 |o snkČSA 723/1(105)/1995 D1 |0 0 |1 0 |4 0 |d 2003-02-12 |l 0 |r 2005-01-02 00:00:00 |w 2026-02-21 | ||
| 952 | |t č. 1-52 |a SNK |b SNK |y PREZ |7 0 |p 17A0490404 |o snkČSA 723/20(95)/1984 D1 |i snkČSP 350/85 |3 rekatalogizácia |0 0 |1 0 |4 0 |d 2005-11-18 |l 0 |r 2026-02-21 19:30:27 |w 2026-02-21 | ||
| 952 | |t č. 1-26 |a SNK |b SNK |y PREZ |7 0 |p 17A0790480 |o snkČSA 723/1(105)/1995 |i snkČSP 824/99 |f 1 |0 0 |1 0 |4 0 |d 2015-07-27 |l 0 |r 2026-02-21 19:35:34 |w 2026-02-21 | ||
| 952 | |t č. 1-25 |a SNK |b SNK |y PREZ |7 0 |p 17A0789970 |o snkČSA 723/2(106)/1996 |i snkČSP 828/99 |f 1 |0 0 |1 0 |4 0 |d 2015-07-27 |l 0 |r 2026-02-21 19:35:34 |w 2026-02-21 | ||
| 952 | |t č. 1-25 |a SNK |b SNK |y PREZ |7 0 |p 17A0790481 |o snkČSA 723/3(106)/1997 |i snkČSP 830/99 |f 1 |0 0 |1 0 |4 0 |d 2015-07-27 |l 0 |r 2026-02-21 19:35:34 |w 2026-02-21 | ||
| 952 | |t č. 1-25 |a SNK |b SNK |y PREZ |7 0 |p 17A0789997 |o snkČSA 723/4(107)/1998 |i snkČSP 832/99 |f 1 |0 0 |1 0 |4 0 |d 2015-07-27 |l 0 |r 2026-02-21 19:35:34 |w 2026-02-21 | ||
| 952 | |t č. 1-10, č. 1-11 + mim.č. |a SNK |b SNK |y PREZ |7 0 |p 17A1096863 |o snkČSA 723/4(104)/1994 |i snkČSP 827/99 |f 1 |0 0 |1 0 |4 0 |d 2015-07-27 |l 0 |r 2026-02-21 19:35:34 |w 2026-02-21 | ||
| 952 | |t č. 1-50 + mim. č. |a SNK |b SNK |y PREZ |7 0 |p 17A0119043 |o snkČSA 723/2(80)/1968 |i snkČSP 757/70 |z č. 27 nevyšlo ; od č. 28/1968-44/1968 je v zátvorke uvedený ročník 40 ; mim. čísla |f 1 |0 0 |1 0 |4 0 |d 1998-01-21 |l 0 |r 2005-01-02 00:00:00 |w 2026-02-21 | ||
| 952 | |t č. 1-25 |a SNK |b SNK |y PREZ |7 0 |p 17A0790473 |o snkČSA 723/5(110)/1999 |i snkČSP 2523/2003 |f 1 |0 0 |1 0 |4 0 |d 2015-07-27 |l 0 |r 2026-02-21 19:35:41 |w 2026-02-21 | ||
| 952 | |t č. 1-50, neúplné |a SNK |b SNK |y PREZ |7 0 |p 17A0790475 |o snkČSA 723/6(111)/2000 |i snkČSP 2525/2003 |z chýba č. 31 |f 1 |0 0 |1 0 |4 0 |d 2015-07-27 |l 0 |r 2026-02-21 19:35:41 |w 2026-02-21 | ||
| 952 | |t č. 1-52 |a SNK |b SNK |y PREZ |7 0 |p 17A0778090 |o snkČSA 723/112/2001 |i snkČSP 1348/2004 |f 1 |0 0 |1 0 |4 0 |d 2015-07-27 |l 0 |r 2026-02-21 19:35:41 |w 2026-02-21 | ||
| 952 | |t č. 1-52, neúplné |a SNK |b SNK |y PREZ |7 0 |p 17A0777980 |o snkČSA 723/113/2002 |i snkČSP 1352/2004 |f 1 |0 0 |1 0 |4 0 |d 2015-07-27 |l 0 |r 2026-02-21 19:35:41 |w 2026-02-21 | ||
| 952 | |t č. 1-52 |a SNK |b SNK |y PREZ |7 0 |p 17A1096860 |o snkČSA 723/114/13/2003 |i snk2015/23208 |8 0 |z označenie ročníka Oravy a Bielej Oravy |f 1 |0 0 |1 0 |4 0 |d 2015-07-29 |l 0 |r 2026-02-21 19:45:55 |w 2026-02-21 | ||
| 952 | |t č. 1-19 |a SNK |b SNK |y PREZ |7 0 |p 17A1096861 |o snkČSA 723/115/14/2004 |i snk2015/23210 |8 0 |z označenie ročníka Oravy a Bielej Oravy |f 1 |0 0 |1 0 |4 0 |d 2015-07-29 |l 0 |r 2026-02-21 19:45:55 |w 2026-02-21 | ||
| 952 | |t č. 1-10, č. 1-11 + mim. č. |a SNK |b SNK |y PREZ |7 0 |p 17A0789971 |o snkČSA 723/4(104)/1994 D1 |i snkČSP 826/99 |z chybné zviazanie čísiel |0 0 |1 0 |4 0 |d 2015-07-30 |l 0 |r 2026-02-21 19:45:58 |w 2026-02-21 | ||
| 952 | |t č. 1-50 |a SNK |b SNK |y PREZ |7 0 |p 17A1348126 |o snkČSA 723/6(114)/2000 D1 |i snkČSP 2526/2003 |0 0 |1 0 |4 0 |d 2021-09-13 |l 0 |r 2026-02-21 19:58:56 |w 2026-02-21 | ||
| 952 | |t č. 1-52 |a SNK |b SNK |y PREZ |7 0 |p 17A0215003 |o snkČSA 723/31(101)/1990 |i snkČSP 2803/91 |f 1 |0 0 |1 0 |4 0 |d 1999-10-19 |l 0 |r 2005-01-02 00:00:00 |w 2026-02-21 | ||
| 952 | |t č. 1-50 |a SNK |b SNK |y PREZ |7 0 |p 17A0294047 |o snkČSA 723/2(80)/1968 D1 |0 0 |1 0 |4 0 |d 2001-03-20 |l 0 |r 2005-01-02 00:00:00 |w 2026-02-21 | ||
| 952 | |t č. 1-52 |a SNK |b SNK |y PREZ |7 0 |p 17A0119075 |o snkČSA 723/5(83)/1971 |i snkČSP 107/72 |f 1 |0 0 |1 0 |4 0 |d 1998-01-21 |l 0 |r 2005-01-02 00:00:00 |w 2026-02-21 | ||
| 952 | |t č. 1-52, neúplný |a SNK |b SNK |y PREZ |7 0 |p 17A1316624 |o snkČSA 723/112/2001 D1 |i snk2004/1349 |8 0 |z chýba č. 5, 7, 44 |0 0 |1 0 |4 0 |d 2022-04-13 |l 0 |r 2026-02-21 20:09:45 |w 2026-02-21 | ||
| 952 | |t č. 1-52, neúplný |a SNK |b SNK |y PREZ |7 0 |p 17A1316625 |o snkČSA 723/113/2002 D1 |i snk2004/1353 |8 0 |z chýba č. 5, 47, 51, 52 |0 0 |1 0 |4 0 |d 2022-04-13 |l 0 |r 2026-02-21 20:09:45 |w 2026-02-21 | ||
| 952 | |t č. 1-50 |a SNK |b SNK |y PREZ |7 0 |p 17A1316626 |o snkČSA 723/A/113/2002 D1 |i snk2004/648 |8 0 |0 0 |1 0 |4 0 |d 2022-04-13 |l 0 |r 2026-02-21 20:09:45 |w 2026-02-21 | ||
| 952 | |t č. 1-38 |a SNK |b SNK |y PREZ |7 0 |p 17A0117033 |o snkČSA 723/1(74)/1967 |i snkČSP 189/68 |z od č. 23/1967-38/1967 je v zátvorke uvedený ročník 79 |f 1 |0 0 |1 0 |4 0 |d 1998-01-21 |l 0 |r 2005-01-02 00:00:00 |w 2026-02-21 | ||
| 952 | |t č. 1-38 |a SNK |b SNK |y PREZ |7 0 |p 17A0176455 |o snkČSA 723/1(74)/1967 D1 |0 0 |1 0 |4 0 |d 1999-01-14 |l 0 |r 2005-01-02 00:00:00 |w 2026-02-21 | ||
| 952 | |t č. 1-50 |a SNK |b SNK |y PREZ |7 0 |p 17A0119039 |o snkČSA 723/3(81)/1969 |i snkČSP 756/70 |f 1 |0 0 |1 0 |4 0 |d 1998-01-21 |l 0 |r 2005-01-02 00:00:00 |w 2026-02-21 | ||
| 952 | |t č. 1-50 |a SNK |b SNK |y PREZ |7 0 |p 17A0294052 |o snkČSA 723/3(81)/1969 D1 |0 0 |1 0 |4 0 |d 2001-03-20 |l 0 |r 2005-01-02 00:00:00 |w 2026-02-21 | ||
| 952 | |t č. 1-52 |a SNK |b SNK |y PREZ |7 0 |p 17A0119115 |o snkČSA 723/4(82)/1970 |i snkČSP 354/71 |f 1 |0 0 |1 0 |4 0 |d 1998-01-21 |l 0 |r 2005-01-02 00:00:00 |w 2026-02-21 | ||
| 952 | |t č. 1-52 |a SNK |b SNK |y PREZ |7 0 |p 17A0294050 |o snkČSA 723/4(82)/1970 D1 |0 0 |1 0 |4 0 |d 2001-03-20 |l 0 |r 2005-01-02 00:00:00 |w 2026-02-21 | ||
| 952 | |t č. 1-52 |a SNK |b SNK |y PREZ |7 0 |p 17A0119046 |o snkČSA 723/6(84)/1972 |i snkČSP 467/73 |z od č. 22/1972-52/1972 je uvedený ročník 8 |f 1 |0 0 |1 0 |4 0 |d 1998-01-21 |l 0 |r 2005-01-02 00:00:00 |w 2026-02-21 | ||
| 952 | |t č. 1-52 |a SNK |b SNK |y PREZ |7 0 |p 17A0119184 |o snkČSA 723/9(85)/1973 |i snkČSP 766/74 |f 1 |0 0 |1 0 |4 0 |d 1998-01-21 |l 0 |r 2005-01-02 00:00:00 |w 2026-02-21 | ||
| 952 | |t č. 1-52 |a SNK |b SNK |y PREZ |7 0 |p 17A0119122 |o snkČSA 723/10(85)/1974 |i snkČSP 299/75 |f 1 |0 0 |1 0 |4 0 |d 1998-01-21 |l 0 |r 2005-01-02 00:00:00 |w 2026-02-21 | ||
| 952 | |t č. 1-52 |a SNK |b SNK |y PREZ |7 0 |p 17A0117971 |o snkČSA 723/11(86)/1975 |i snkČSP 929/76 |f 1 |0 0 |1 0 |4 0 |d 1998-01-21 |l 0 |r 2005-01-02 00:00:00 |w 2026-02-21 | ||
| 952 | |t č. 1-52 |a SNK |b SNK |y PREZ |7 0 |p 17A0119185 |o snkČSA 723/12(87)/1976 |i snkČSP 938/77 |f 1 |0 0 |1 0 |4 0 |d 1998-01-21 |l 0 |r 2005-01-02 00:00:00 |w 2026-02-21 | ||
| 952 | |t č. 1-25 |a SNK |b SNK |y PREZ |7 0 |p 17A0268639 |o snkČSA 723/4(107)/1998 D1 |0 0 |1 0 |4 0 |d 2001-02-27 |l 0 |r 2005-01-02 00:00:00 |w 2026-02-21 | ||
| 952 | |t č. 1-25 |a SNK |b SNK |y PREZ |7 0 |p 17A1150819 |o snkČSA 723/2(106)/1996 D1 |i snkČSP 829/99 |0 0 |1 0 |4 0 |d 2016-08-15 |l 0 |r 2026-02-21 20:57:22 |w 2026-02-21 | ||
| 952 | |t č. 1-52 |a SNK |b SNKPULT |y PREZ |7 0 |p 17A0142012 |o snkČSA 723/2(103)/1992 D1 |0 0 |1 0 |4 0 |d 1998-05-28 |l 1 |q 2026-05-22 |r 2026-05-14 09:07:24 |s 2026-05-14 |w 2026-02-21 | ||
| 952 | |t č. 1-52 |a SNK |b SNK |y PREZ |7 0 |p 17A0178327 |o snkČSA 723/14(89)/1978 |i snkČSP 205/78 |f 1 |0 0 |1 0 |4 0 |d 1999-02-02 |l 0 |r 2005-01-02 00:00:00 |w 2026-02-21 | ||
| 952 | |t č. 1-52 |a SNK |b SNK |y PREZ |7 0 |p 17A0178258 |o snkČSA 723/15(90)/1979 |i snkČSP 114/80 |z v č. 1 je v zátvorke uvedený ročník 89 |f 1 |0 0 |1 0 |4 0 |d 1999-02-02 |l 0 |r 2005-01-02 00:00:00 |w 2026-02-21 | ||
| 952 | |t č. 1-51 |a SNK |b SNK |y PREZ |7 0 |p 17A0180889 |o snkČSA 723/18(93)/1982 |i snkČSP 493/83 |f 1 |0 0 |1 0 |4 0 |d 1999-02-05 |l 0 |r 2005-01-02 00:00:00 |w 2026-02-21 | ||
| 952 | |t č. 1-52 |a SNK |b SNK |y PREZ |7 0 |p 17A0180878 |o snkČSA 723/26(96)/1985 |i snkČSP 792/86 |f 1 |0 0 |1 0 |4 0 |d 1999-02-05 |l 0 |r 2005-01-02 00:00:00 |w 2026-02-21 | ||
| 952 | |t č. 1-52 |a SNK |b SNK |y PREZ |7 0 |p 17A0180877 |o snkČSA 723/20(95)/1984 |i snkČSP 349/85 |f 1 |0 0 |1 0 |4 0 |d 1999-02-05 |l 0 |r 2005-01-02 00:00:00 |w 2026-02-21 | ||
| 952 | |t č. 1-52 |a SNK |b SNK |y PREZ |7 0 |p 17A0180876 |o snkČSA 723/19(94)/1983 |i snkČSP 552/84 |z v č. 1-2 je uvedený ročník 18(93) |f 1 |0 0 |1 0 |4 0 |d 1999-02-05 |l 0 |r 2005-01-02 00:00:00 |w 2026-02-21 | ||
| 952 | |t č. 1-51 |a SNK |b SNK |y PREZ |7 0 |p 17A0180874 |o snkČSA 723/17(92)/1981 |i snkČSP 933/82 |f 1 |0 0 |1 0 |4 0 |d 1999-02-05 |l 0 |r 2005-01-02 00:00:00 |w 2026-02-21 | ||
| 952 | |t č. 1-52 |a SNK |b SNK |y PREZ |7 0 |p 17A0180873 |o snkČSA 723/16(91)/1980 |i snkČSP 763/81 |f 1 |0 0 |1 0 |4 0 |d 1999-02-05 |l 0 |r 2005-01-02 00:00:00 |w 2026-02-21 | ||
| 952 | |t č. 1-24 |a SNK |b SNK |y PREZ |7 0 |p 17A0199764 |o snkČSA 723/3(104)/1993 D1 |0 0 |1 0 |4 0 |d 1999-07-06 |l 0 |r 2005-01-02 00:00:00 |w 2026-02-21 | ||
| 952 | |t č. 1-24 |a SNK |b SNK |y PREZ |7 0 |p 17A0245321 |o snkČSA 723/3(104)/1993 |i snkČSP 3080/94 |f 1 |0 0 |1 0 |4 0 |d 2000-07-06 |l 0 |r 2005-01-02 00:00:00 |w 2026-02-21 | ||
| 952 | |t č. 1-52 |a SNK |b SNK |y PREZ |7 0 |p 17A1150763 |o snkČSA 723/19(94)/1983 D1 |i snkČSP 553/84 |0 0 |1 0 |4 0 |d 2016-08-15 |l 0 |r 2026-02-21 21:54:51 |w 2026-02-21 | ||


